000 00454pam a2200169 a 4500
020 _a0766815072
_c1588.86
041 _aeng
_hNULL
082 _a616.075
_bDAN
100 _aDANIELS, R .
245 _aDELMAR`S GUIDE TO LABORATORY & DLIAGNOSTTIC TEST /
_cNULL.
_hTextual Documents
260 _aNULL :
_bDELMAR ,
_c2002.
300 _a1018 :
_bxi ;
_cNULL .
365 _a1588.86
930 _a802
999 _c795338
_d795338
650 _aPATHOLOGY